1143 1932 1202 1733 1065 1092 1758 1803 1734 1607 1380 1785 1782 1896 1500 1712 1229 1402 1460 1346 1928 1534 1494 1983 1191 1089 1803 1401 1985 1079 1622 1127 1435 1283 1665 1421 1067 1276 1291 1789 1848 1054 1753 1236 1752 1222 1106 1225 1880 1437 1137 1136 1813 1765 1671 1586 1432 1170 1095 1924 1722 1221 1496 1370 1955 1921 1666 1295 1469 1582 1614 1660 1808 1232 1236 1750 1301 1787 1417 1172 1965 1462 1149 1109 1818 1760 1859 1478 1250 1570 1866 1445 1291 1964 1389 1078 1228 1985 1299 BCNSPRNW ULIB Ver.6.0+V

เปลี่ยนเป็นภาษาไทย

Change to English
 แสดงรายละเอียดบรรณานุกรม
  กลับหน้าหลัก

Brief Record : Get Marc (ISO 2709) : E-mail record : QR code < ปิดหน้าต่าง
LEADER : 00000nam 2200000uu 4500
001    13399126919
003     ULIB
008    190904s2561||||th 000 0 tha d
020    ^a9786164073869
060    ^aWW168^bศ696ต
100    ^aศุภพงศ์ ถิรคุณวิชชะ
245    ^aตำรา ศัลยกรรมจักษุตกแต่งและเสริมสร้าง (OCULOP LASTIC AND RECONSTRUCTIVE SURGERY)
250    ^aพิมพ์ครั้งที่ 1
260    ^aกรุงเทพฯ :^bภาควิชาจักษุวิทยา คณะแพทยศาสตร์ จุฬาลงกรณ์มหาวิทยาลัย,^c2561
300    ^a376 หน้า;^b26 ซม.
650    ^aศัลยกรรมตกแต่งตา
945    ^p1000^l0^i27604
945    ^p1000^l0^i27603
945    ^p1000^l0^i27602
945    ^p1000^l0^i27605
945    ^p1000^l0^i27606
999    ^aกัณชพร จุลอักษร
รายการนี้ยังไม่มีแท็ก
คุณยังไม่ได้ล็อกอิน คุณสามารถมีกิจกรรมร่วมกับเว็บไซต์ได้ แต่ต้องล็อกอินก่อน ::
  ล็อกอิน

รายการสื่อสารสนเทศ

ลำดับที่ ประเภท เลขเรียก/บาร์โค้ด สถานที่ สถานะ
1. หนังสือสำรอง
หนังสือสำรอง
WW168 ศ696ต ฉ.1 
  Barcode: 27602
ห้องสมุดวิทยาเขตนครสวรรค์
►หนังสือทั่วไป:l:General Books
บนชั้น
2. วิทยาศาสตร์การแพทย์ และสุขภาพ
วิทยาศาสตร์การแพทย์ และสุขภาพ
WW168 ศ696ต ฉ.2 
  Barcode: 27603
ห้องสมุดวิทยาเขตนครสวรรค์
►หนังสือทั่วไป:l:General Books
บนชั้น
3. วิทยาศาสตร์การแพทย์ และสุขภาพ
วิทยาศาสตร์การแพทย์ และสุขภาพ
WW168 ศ696ต ฉ.3 
  Barcode: 27604
ห้องสมุดวิทยาเขตนครสวรรค์
►หนังสือทั่วไป:l:General Books
บนชั้น
4. วิทยาศาสตร์การแพทย์ และสุขภาพ
วิทยาศาสตร์การแพทย์ และสุขภาพ
WW168 ศ696ต ฉ.4 
  Barcode: 27605
ห้องสมุดวิทยาเขตนครสวรรค์
►หนังสือทั่วไป:l:General Books
บนชั้น
5. วิทยาศาสตร์การแพทย์ และสุขภาพ
วิทยาศาสตร์การแพทย์ และสุขภาพ
WW168 ศ696ต ฉ.5 
  Barcode: 27606
ห้องสมุดวิทยาเขตนครสวรรค์
►หนังสือทั่วไป:l:General Books
บนชั้น

รายการใกล้เคียง
    ชื่อเรื่อง [ตำรา ศัลยกรรมจักษุตกแต่งและเสริมสร้าง (OCULOP LASTIC AND RECONSTRUCTIVE SURGERY)]

    ผู้แต่ง [ศุภพงศ์ ถิรคุณวิชชะ]

    หัวเรื่อง [ศัลยกรรมตกแต่งตา]

BibComment


ยังไม่เคยถูกคอมเมนท์

คอมเมนท์ทรัพยากรรายการนี้
  คอมเมนท์: ตำรา ศัลยกรรมจัก..


 Copyright 2026. Bcnsprnw @Library